<?xml version="1.0" encoding="UTF-8"?>
<record
    xmlns:xsi="http://www.w3.org/2001/XMLSchema-instance"
    xsi:schemaLocation="http://www.loc.gov/MARC21/slim http://www.loc.gov/standards/marcxml/schema/MARC21slim.xsd"
    xmlns="http://www.loc.gov/MARC21/slim">

  <leader>01722nam a2200241Ia 4500</leader>
  <controlfield tag="003">OSt</controlfield>
  <controlfield tag="005">20210810153958.0</controlfield>
  <controlfield tag="008">210310t1989    ck ad  fr     000 0dspa d</controlfield>
  <datafield tag="020" ind1=" " ind2=" ">
    <subfield code="a">958040867X</subfield>
  </datafield>
  <datafield tag="040" ind1=" " ind2=" ">
    <subfield code="a">CO-JMCR</subfield>
    <subfield code="c">CO-JMCR</subfield>
  </datafield>
  <datafield tag="041" ind1="0" ind2=" ">
    <subfield code="a">spa</subfield>
  </datafield>
  <datafield tag="082" ind1="0" ind2="4">
    <subfield code="a">332.632 /</subfield>
    <subfield code="b">V293e</subfield>
    <subfield code="2">23</subfield>
  </datafield>
  <datafield tag="100" ind1="1" ind2=" ">
    <subfield code="a">Varela Villegas, Rodrigo, </subfield>
    <subfield code="9">16817</subfield>
    <subfield code="e">autor</subfield>
  </datafield>
  <datafield tag="245" ind1="1" ind2="0">
    <subfield code="a">Evaluaci&#xF3;n econ&#xF3;mica de inversiones / </subfield>
    <subfield code="c">Rodrigo Varela V.</subfield>
  </datafield>
  <datafield tag="260" ind1=" " ind2=" ">
    <subfield code="a">[Bogot&#xE1;] : </subfield>
    <subfield code="b">Norma, </subfield>
    <subfield code="c">&#xA9;1989</subfield>
  </datafield>
  <datafield tag="300" ind1=" " ind2=" ">
    <subfield code="a">512 p&#xE1;ginas : </subfield>
    <subfield code="b">ilustraciones y gr&#xE1;ficas a blanco y negro ; </subfield>
    <subfield code="c">24 cm.</subfield>
  </datafield>
  <datafield tag="500" ind1=" " ind2=" ">
    <subfield code="a">Incluye datos biogr&#xE1;ficos del autor.</subfield>
  </datafield>
  <datafield tag="505" ind1="0" ind2=" ">
    <subfield code="a">Introducci&#xF3;n a la evaluaci&#xF3;n de proyectos -- Equivalencias -- Criterios decisorios -- Evaluaci&#xF3;n econ&#xF3;mica y comparaci&#xF3;n de alternativas que producen el mismo servicio -- Evaluaci&#xF3;n econ&#xF3;mica y comparaci&#xF3;n de alternativas que producen diferente servicio -- Evaluaciones econ&#xF3;micas despu&#xE9;s de impuestos -- Criterios decisorios despu&#xE9;s de impuestos -- Evaluaciones con dinero prestado -- Evaluaciones especiales</subfield>
  </datafield>
  <datafield tag="520" ind1="3" ind2=" ">
    <subfield code="a">Este libro est&#xE1; orientado a presentar el conjunto de conceptos y t&#xE9;cnicas cuantitativas de an&#xE1;lisis, &#xFA;tiles para la evaluaci&#xF3;n y comparaci&#xF3;n econ&#xF3;mica de alternativas de inversi&#xF3;n, relativas a sistemas, productos, servicios, recursos. equipos, etc., para lograr decisiones que seleccionen la mejor o las mejo res posibilidades entre las que se tienen en consideraci&#xF3;n. Su metodolog&#xED;a general, es la de explicar los conceptos mediante ejemplos ilustrativos, dando un gran peso a la interpretaci&#xF3;n de los resultados y a la toma de decisiones.</subfield>
  </datafield>
  <datafield tag="650" ind1="1" ind2="4">
    <subfield code="a">Evaluaci&#xF3;n econ&#xF3;mica</subfield>
    <subfield code="9">16819</subfield>
  </datafield>
  <datafield tag="650" ind1="1" ind2="4">
    <subfield code="a">Inversiones</subfield>
    <subfield code="x">Evaluaci&#xF3;n econ&#xF3;mica</subfield>
    <subfield code="9">39213</subfield>
  </datafield>
  <datafield tag="942" ind1=" " ind2=" ">
    <subfield code="2">ddc</subfield>
    <subfield code="c">BK</subfield>
  </datafield>
  <datafield tag="999" ind1=" " ind2=" ">
    <subfield code="c">8275</subfield>
    <subfield code="d">8275</subfield>
  </datafield>
  <datafield tag="952" ind1=" " ind2=" ">
    <subfield code="0">0</subfield>
    <subfield code="1">0</subfield>
    <subfield code="2">ddc</subfield>
    <subfield code="4">0</subfield>
    <subfield code="7">0</subfield>
    <subfield code="8">NFIC</subfield>
    <subfield code="a">CPL</subfield>
    <subfield code="b">CPL</subfield>
    <subfield code="d">2018-04-15</subfield>
    <subfield code="e">Donaci&#xF3;n</subfield>
    <subfield code="o">332.632 / V293e</subfield>
    <subfield code="p">430002862</subfield>
    <subfield code="r">2024-05-16 00:00:00</subfield>
    <subfield code="t">Ej.1</subfield>
    <subfield code="y">BK</subfield>
  </datafield>
</record>
